Tables showing gross and ratable values for properties let at weekly inclusive rentals (Record no. 105064)
[ view plain ]
| 000 -LEADER | |
|---|---|
| fixed length control field | 00597cam a2200181 4500 |
| 001 - CONTROL NUMBER | |
| control field | ##L132231 |
| 008 - FIXED-LENGTH DATA ELEMENTS--GENERAL INFORMATION | |
| fixed length control field | 060119n 000 0 eng u |
| 035 ## - SYSTEM CONTROL NUMBER | |
| System control number | (Sirsi) u132231 |
| 041 0# - LANGUAGE CODE | |
| Language code of text/sound track or separate title | eng |
| 050 04 - LIBRARY OF CONGRESS CALL NUMBER | |
| Classification number | 333.332 $2 18 |
| 110 0# - MAIN ENTRY--CORPORATE NAME | |
| Corporate name or jurisdiction name as entry element | Eve, William and Sons |
| 9 (RLIN) | 4863 |
| 245 00 - TITLE STATEMENT | |
| Title | Tables showing gross and ratable values for properties let at weekly inclusive rentals |
| 250 ## - EDITION STATEMENT | |
| Edition statement | 4th ed. |
| 260 ## - PUBLICATION, DISTRIBUTION, ETC. | |
| Place of publication, distribution, etc. | Guildford |
| Name of publisher, distributor, etc. | Biddles |
| Date of publication, distribution, etc. | 19-- |
| 300 ## - PHYSICAL DESCRIPTION | |
| Extent | 1 |
| Type of unit | v |
| Other physical details | ill, tables |
| Dimensions | 20cm. |
| 690 ## - LOCAL SUBJECT ADDED ENTRY--TOPICAL TERM (OCLC, RLIN) | |
| Topical term or geographic name as entry element | PROPERTY-RESIDENTIAL PROPERTY-RESIDENTIAL PROPERTY TAXATION-RESIDENTIAL PROPERTY TAXATION VALUATION |
| 942 ## - ADDED ENTRY ELEMENTS (KOHA) | |
| Suppress in OPAC | 0 |
| Withdrawn status | Lost status | Source of classification or shelving scheme | Damaged status | Not for loan | Home library | Current library | Shelving location | Date acquired | Total Checkouts | Full call number | Barcode | Date last seen | Copy number | Price effective from | Koha item type |
|---|---|---|---|---|---|---|---|---|---|---|---|---|---|---|---|
| Dewey Decimal Classification | London | London | Basement | 19/01/2006 | SHELF 205 | 30071890 | 06/08/2019 | 1 | 06/08/2019 | Book |